Statistics for Province/Territory/State bordering Ontario

Click here to take the quiz!

General Stats

  • This quiz has been taken 367 times
  • The average score is 6 of 8

Answer Stats

Province/Territory/State% Correct
Québec
99%
Manitoba
97%
Michigan
92%
New York
89%
Nunavut
65%
Minnesota
64%
Ohio
64%
Pennsylvania
51%

Score Distribution

Percentile by Number Answered

Percent of People with Each Score

Your Score History

You have not taken this quiz